| 000 | 00506nam a2200205Ia 4500 | ||
|---|---|---|---|
| 008 | 170918s9999 xx 000 0 und d | ||
| 020 | _a9780439559713 | ||
| 050 | _bS857 2004 | ||
| 100 | _aStilton, Geronimo | ||
| 245 | 2 | _aA fabumouse vacation for Geronimo / | |
| 245 | _cby Geronimo Stilton. | ||
| 260 | _aNew York : | ||
| 260 | _bScholastic, | ||
| 260 | _c2004 | ||
| 300 | _a112 pages : | ||
| 300 | _bcolor illustrations ; | ||
| 300 | _c19cm. | ||
| 300 | _eGeronimo Stilton ; | ||
| 440 | _a9 | ||
| 999 |
_c343679 _d343679 |
||